[Event "-chT Youth Countries 2019"]
[Site "Wuerzburg"]
[Date "2019.10.02"]
[Round "2.6"]
[White "Yaghi, Rita"]
[Black "Dietz, Kristin"]
[Result "1/2-1/2"]
[WhiteElo "1973"]
[BlackElo "1948"]
[Annotator "NA"]
[PlyCount "88"]
[EventDate "2019.10.02"]
[EventType "team-tourn"]
[EventRounds "7"]
[EventCountry "GER"]
[SourceTitle "playchess.com"]
[Source "ChessBase"]
[SourceQuality "1"]
[WhiteTeam "Hessen"]
[BlackTeam "Sachsen-Anhalt"]
[TimeControl "40/5400+30:1800+30"]

1. e4 {[%emt 0:00:00]} c5 {[%emt 0:00:00]} 2. Nf3 {[%emt 0:00:00]} e6 {[%emt 0:00:00]} 3. d4 {[%emt 0:00:00]} cxd4 {[%emt 0:00:00]} 4. Nxd4 {[%emt 0:00:01]} a6 {[%emt 0:00:07]} 5. Bd3 {[%emt 0:00:12]} Nf6 {[%emt 0:00:18]} 6. Qe2 {[%emt 0:00:22]} d6 {[%emt 0:00:15]} 7. O-O {[%emt 0:01:45]} Qc7 {[%emt 0:00:23]} 8. c4 {[%emt 0:00:09]} g6 {[%emt 0:00:19]} 9. f4 {[%emt 0:06:37]} Bg7 {[%emt 0:01:49]} 10. Nf3 {[%emt 0:04:05]} Nc6 {[%emt 0:01:41]} 11. Nc3 {[%emt 0:01:13]} O-O {[%emt 0:00:14]} 12. Kh1 {[%emt 0:01:37]} b6 {[%emt 0:01:48]} 13. Bd2 {[%emt 0:03:13]} Bb7 {[%emt 0:01:13]} 14. Rac1 {[%emt 0:00:59]} Rfd8 {[%emt 0:11:50]} 15. Nd5 {[%emt 0:17:10]} exd5 {[%emt 0:04:20]} 16. cxd5 {[%emt 0:02:29]} Qd7 {[%emt 0:00:38]} 17. dxc6 {[%emt 0:01:39]} Bxc6 {[%emt 0:00:51]} 18. e5 {[%emt 0:03:48]} Bxf3 {[%emt 0:07:21]} 19. Rxf3 {[%emt 0:01:06]} dxe5 {[%emt 0:00:44]} 20. fxe5 {[%emt 0:01:28]} Ng4 {[%emt 0:02:26]} 21. Bc3 {[%emt 0:07:07]} Re8 {[%emt 0:06:16]} 22. Be4 {[%emt 0:13:55]} Rad8 {[%emt 0:05:31]} 23. Rcf1 {[%emt 0:08:08]} Nxe5 {[%emt 0:09:00]} 24. Bxe5 {[%emt 0:03:54]} Rxe5 {[%emt 0:00:40]} 25. Rd3 {[%emt 0:03:12]} Qxd3 {[%emt 0:04:56]} 26. Qxd3 {[%emt 0:00:30]} Rxd3 {[%emt 0:00:12]} 27. Bxd3 {[%emt 0:00:02]} b5 {[%emt 0:03:39]} 28. b3 {[%emt 0:00:58]} Kf8 {[%emt 0:01:16]} 29. g3 {[%emt 0:01:04]} Ke7 {[%emt 0:04:09]} 30. Kg2 f5 {[%emt 0:01:15]} 31. Rc1 {[%emt 0:01:15]} Kd7 {[%emt 0:01:21]} 32. Rc2 {[%emt 0:00:19]} a5 {[%emt 0:07:14]} 33. Be2 {[%emt 0:02:30]} b4 {[%emt 0:03:17]} 34. Bf3 {[%emt 0:00:46]} Bh6 {[%emt 0:04:43]} 35. Bc6+ {[%emt 0:03:55]} Kd6 {[%emt 0:01:30]} 36. Bf3 {[%emt 0:00:12]} Kd7 {[%emt 0:02:46]} 37. Bc6+ {[%emt 0:01:06]} Kd6 {[%emt 0:03:51]} 38. Bf3 {[%emt 0:00:16]} Rc5 {[%emt 0:01:50]} 39. Re2 {[%emt 0:00:16]} Bg7 {[%emt 0:02:31]} 40. Bb7 {[%emt 0:03:27]} Bc3 {[%emt 0:03:37]} 41. Kf2 {[%emt 0:33:49]} Rc7 {[%emt 0:31:09]} 42. Ba6 {[%emt 0:01:51]} Kc5 {[%emt 0:02:21]} 43. Bc4 {[%emt 0:01:59]} Kd4 {[%emt 0:01:13]} 44. Re3 {[%emt 0:00:00]} Kc5 {[%emt 0:00:00] normal} 1/2-1/2

[Event "-chT Youth Countries 2019"]
[Site "Wuerzburg"]
[Date "2019.10.02"]
[Round "2.6"]
[White "Muedder, Melanie"]
[Black "Schulz, Hannah"]
[Result "0-1"]
[WhiteElo "1964"]
[BlackElo "1554"]
[Annotator "NA"]
[PlyCount "118"]
[EventDate "2019.10.02"]
[EventType "team-tourn"]
[EventRounds "7"]
[EventCountry "GER"]
[SourceTitle "playchess.com"]
[Source "ChessBase"]
[SourceQuality "1"]
[WhiteTeam "Nordrhein-Westfalen"]
[BlackTeam "Baden 1"]
[TimeControl "40/5400+30:1800+30"]

1. e4 {[%emt 0:00:00]} c6 {[%emt 0:00:00]} 2. d4 {[%emt 0:00:00]} d5 {[%emt 0:00:00]} 3. Nc3 {[%emt 0:00:00]} dxe4 {[%emt 0:00:00]} 4. Nxe4 {[%emt 0:00:02]} Nf6 {[%emt 0:00:00]} 5. Nxf6+ {[%emt 0:00:23]} exf6 {[%emt 0:00:00]} 6. Bc4 {[%emt 0:00:52]} Bd6 {[%emt 0:00:29]} 7. Ne2 {[%emt 0:01:33]} O-O {[%emt 0:00:25]} 8. O-O {[%emt 0:00:35]} Nd7 {[%emt 0:02:47]} 9. c3 {[%emt 0:06:21]} Nb6 {[%emt 0:00:37]} 10. Bd3 {[%emt 0:00:20]} Be6 {[%emt 0:02:02]} 11. Qc2 {[%emt 0:01:33]} h5 {[%emt 0:01:42]} 12. c4 {[%emt 0:08:52]} Bc7 {[%emt 0:02:22]} 13. b3 {[%emt 0:05:37]} Qb8 {[%emt 0:03:50]} 14. h4 {[%emt 0:04:50]} a5 {[%emt 0:01:24]} 15. Bb2 {[%emt 0:06:10]} Nd7 {[%emt 0:05:40]} 16. Rac1 {[%emt 0:07:56]} Rc8 {[%emt 0:02:16]} 17. Qd2 {[%emt 0:09:54]} Nb6 {[%emt 0:08:45]} 18. Bb1 {[%emt 0:03:15]} a4 {[%emt 0:01:13]} 19. Qd3 {[%emt 0:01:40]} g6 {[%emt 0:01:49]} 20. Qd2 {[%emt 0:08:22]} axb3 {[%emt 0:00:41]} 21. axb3 {[%emt 0:00:35]} Kg7 {[%emt 0:00:33]} 22. Qc3 {[%emt 0:03:47]} Bg4 {[%emt 0:02:11]} 23. f3 {[%emt 0:02:10]} Bd7 {[%emt 0:00:38]} 24. f4 {[%emt 0:04:44]} Re8 {[%emt 0:00:54]} 25. Rce1 {[%emt 0:03:54]} Bg4 {[%emt 0:00:52]} 26. d5 {[%emt 0:09:30]} Qd8 {[%emt 0:02:44]} 27. Nd4 {[%emt 0:02:38]} Rxe1 {[%emt 0:00:57]} 28. Qxe1 {[%emt 0:01:11]} cxd5 {[%emt 0:01:12]} 29. c5 {[%emt 0:01:16]} Nd7 {[%emt 0:00:55]} 30. b4 {[%emt 0:00:39]} Nb8 {[%emt 0:01:57]} 31. Nb5 {[%emt 0:02:33]} Nc6 {[%emt 0:00:59]} 32. Nxc7 {[%emt 0:02:33]} Qxc7 {[%emt 0:00:06]} 33. Qc3 {[%emt 0:00:25]} d4 {[%emt 0:01:36]} 34. Qd2 {[%emt 0:00:38]} Ra4 {[%emt 0:02:56]} 35. b5 {[%emt 0:00:49]} Ne7 {[%emt 0:00:45]} 36. Bxd4 {[%emt 0:00:24]} Qd7 {[%emt 0:01:32]} 37. Bc3 {[%emt 0:01:17]} Qxb5 {[%emt 0:02:09]} 38. Qd6 {[%emt 0:00:46]} Ng8 {[%emt 0:01:45]} 39. f5 {[%emt 0:00:39]} Ra6 {[%emt 0:08:39]} 40. Qd4 {[%emt 0:00:32]} Rc6 {[%emt 0:07:22]} 41. Bb4 {[%emt 0:02:58]} Nh6 {[%emt 0:03:38]} 42. fxg6 {[%emt 0:05:42]} fxg6 {[%emt 0:00:51]} 43. Bd3 {[%emt 0:04:12]} Qa4 {[%emt 0:00:57]} 44. Be4 {[%emt 0:02:26]} Re6 {[%emt 0:02:44]} 45. Bxb7 {[%emt 0:03:23]} Nf5 {[%emt 0:00:58]} 46. Qb2 {[%emt 0:02:25]} Ne3 {[%emt 0:05:24]} 47. Ra1 {[%emt 0:03:32]} Qb5 {[%emt 0:01:26]} 48. Ba3 {[%emt 0:01:37]} Qd3 {[%emt 0:01:50]} 49. Ba8 {[%emt 0:03:05]} Re7 {[%emt 0:09:54]} 50. c6 {[%emt 0:01:37]} Nc4 {[%emt 0:00:29]} 51. Qb4 {[%emt 0:01:10]} Qd4+ {[%emt 0:00:26]} 52. Kh2 {[%emt 0:00:36]} Qe5+ {[%emt 0:04:48]} 53. g3 {[%emt 0:01:27]} Qe2+ {[%emt 0:00:28]} 54. Kg1 {[%emt 0:00:25]} Qe3+ {[%emt 0:01:18]} 55. Kg2 {[%emt 0:00:49]} Bf3+ {[%emt 0:00:35]} 56. Kh3 {[%emt 0:00:23]} Bg4+ {[%emt 0:00:49]} 57. Kg2 {[%emt 0:00:15]} Qf3+ {[%emt 0:00:29]} 58. Kh2 {[%emt 0:02:00]} Qf2+ {[%emt 0:00:13]} 59. Kh1 {[%emt 0:00:04]} Bf3# {normal} 0-1

[Event "-chT Youth Countries 2019"]
[Site "Wuerzburg"]
[Date "2019.10.02"]
[Round "2.6"]
[White "Brunner, Sophia"]
[Black "Costa, Leonardo"]
[Result "1/2-1/2"]
[WhiteElo "1935"]
[BlackElo "1959"]
[Annotator "NA"]
[PlyCount "95"]
[EventDate "2019.10.02"]
[EventType "team-tourn"]
[EventRounds "7"]
[EventCountry "GER"]
[SourceTitle "playchess.com"]
[Source "ChessBase"]
[SourceQuality "1"]
[WhiteTeam "Niedersachsen"]
[BlackTeam "Bayern 1"]
[TimeControl "40/5400+30:1800+30"]

1. d4 {[%emt 0:00:00]} d5 {[%emt 0:00:00]} 2. Nf3 {[%emt 0:00:00]} e6 {[%emt 0:01:03]} 3. g3 {[%emt 0:00:00]} Nf6 {[%emt 0:01:11]} 4. Bg2 {[%emt 0:00:06]} Be7 {[%emt 0:01:34]} 5. O-O {[%emt 0:00:17]} O-O {[%emt 0:01:35]} 6. c4 {[%emt 0:00:41]} dxc4 {[%emt 0:05:45]} 7. Ne5 {[%emt 0:00:23]} Nc6 {[%emt 0:01:31]} 8. Bxc6 {[%emt 0:00:14]} bxc6 {[%emt 0:00:05]} 9. Nxc6 {[%emt 0:00:07]} Qe8 {[%emt 0:00:05]} 10. Nxe7+ {[%emt 0:01:03]} Qxe7 {[%emt 0:00:06]} 11. Qa4 {[%emt 0:00:27]} Bb7 {[%emt 0:07:28]} 12. Qxc4 {[%emt 0:09:04]} Rfd8 {[%emt 0:21:50]} 13. Nc3 {[%emt 0:08:05]} Nd5 {[%emt 0:14:13]} 14. Nxd5 {[%emt 0:02:36]} Bxd5 {[%emt 0:00:17]} 15. Qc3 {[%emt 0:01:45]} Rab8 {[%emt 0:08:09]} 16. Bf4 {[%emt 0:12:24]} Qb4 {[%emt 0:09:03]} 17. Qxb4 {[%emt 0:02:04]} Rxb4 {[%emt 0:00:05]} 18. b3 {[%emt 0:00:24]} Rxd4 {[%emt 0:13:38]} 19. Bxc7 {[%emt 0:03:09]} Rc8 {[%emt 0:00:05]} 20. Bf4 {[%emt 0:00:27]} Bb7 {[%emt 0:08:09]} 21. Rfd1 {[%emt 0:15:18]} Rdd8 {[%emt 0:01:18]} 22. Rxd8+ {[%emt 0:00:56]} Rxd8 {[%emt 0:00:04]} 23. Kf1 {[%emt 0:04:11]} Kf8 {[%emt 0:00:20]} 24. Rc1 {[%emt 0:00:53]} Rc8 {[%emt 0:00:05]} 25. Rxc8+ {[%emt 0:00:40]} Bxc8 {[%emt 0:00:04]} 26. Ke1 {[%emt 0:00:11]} Ke8 {[%emt 0:01:10]} 27. Kd2 {[%emt 0:00:27]} Kd7 {[%emt 0:01:53]} 28. Be3 {[%emt 0:02:10]} a6 {[%emt 0:00:21]} 29. Kc3 {[%emt 0:01:58]} Kc6 {[%emt 0:01:00]} 30. Kb4 {[%emt 0:04:42]} Kd5 {[%emt 0:00:33]} 31. Ka5 {[%emt 0:02:19]} Kc6 {[%emt 0:00:05]} 32. a4 {[%emt 0:01:41]} Bb7 {[%emt 0:00:52]} 33. b4 {[%emt 0:01:06]} e5 {[%emt 0:01:21]} 34. b5+ {[%emt 0:02:42]} axb5 {[%emt 0:00:05]} 35. axb5+ {[%emt 0:00:03]} Kc7 {[%emt 0:00:06]} 36. Kb4 {[%emt 0:02:35]} f6 {[%emt 0:01:34]} 37. Kc5 {[%emt 0:01:10]} g6 {[%emt 0:00:11]} 38. Bh6 {[%emt 0:06:09]} f5 {[%emt 0:00:05]} 39. Bg7 {[%emt 0:01:21]} e4 {[%emt 0:00:05]} 40. Be5+ {[%emt 0:00:34]} Kd7 {[%emt 0:01:06]} 41. Bd6 {[%emt 0:32:29]} Ba8 {[%emt 0:30:49]} 42. Bf8 {[%emt 0:02:53]} Bb7 {[%emt 0:00:49]} 43. Kd4 {[%emt 0:00:34]} Ke6 {[%emt 0:00:22]} 44. Bb4 {[%emt 0:01:25]} Ba8 {[%emt 0:00:00]} 45. Kc5 {[%emt 0:00:00]} Kd7 {[%emt 0:00:00]} 46. Kb6 {[%emt 0:00:00]} Bd5 {[%emt 0:00:00]} 47. Kc5 {[%emt 0:00:00]} Ba8 {[%emt 0:00:00]} 48. Kd4 {[%emt 0:00:00] normal} 1/2-1/2

[Event "-chT Youth Countries 2019"]
[Site "Wuerzburg"]
[Date "2019.10.02"]
[Round "2.6"]
[White "Reuter, Elisa"]
[Black "Sinnhoefer, Lilian"]
[Result "1-0"]
[WhiteElo "1873"]
[BlackElo "1428"]
[Annotator "NA"]
[PlyCount "89"]
[EventDate "2019.10.02"]
[EventType "team-tourn"]
[EventRounds "7"]
[EventCountry "GER"]
[SourceTitle "playchess.com"]
[Source "ChessBase"]
[SourceQuality "1"]
[WhiteTeam "Thueringen"]
[BlackTeam "Bremen/Niedersachsen"]
[TimeControl "40/5400+30:1800+30"]

1. e4 {[%emt 0:00:00]} e5 {[%emt 0:00:00]} 2. Nf3 {[%emt 0:00:00]} Nc6 {[%emt 0:00:00]} 3. Bc4 {[%emt 0:00:00]} Bc5 {[%emt 0:00:00]} 4. c3 {[%emt 0:00:00]} Nf6 {[%emt 0:00:00]} 5. d3 {[%emt 0:00:00]} a6 {[%emt 0:00:00]} 6. Nbd2 {[%emt 0:00:09]} Ba7 {[%emt 0:00:49]} 7. Bb3 {[%emt 0:00:13]} h6 {[%emt 0:03:50]} 8. h3 {[%emt 0:04:30]} O-O {[%emt 0:04:22]} 9. O-O {[%emt 0:01:26]} d6 {[%emt 0:08:02]} 10. Re1 {[%emt 0:00:37]} Nh5 {[%emt 0:01:25]} 11. Nf1 {[%emt 0:09:08]} Qf6 {[%emt 0:01:08]} 12. Be3 {[%emt 0:03:49]} Nf4 {[%emt 0:09:48]} 13. Ng3 {[%emt 0:04:22]} Be6 {[%emt 0:13:37]} 14. Bxf4 {[%emt 0:01:44]} exf4 {[%emt 0:02:56]} 15. Nh5 {[%emt 0:01:57]} Qg6 {[%emt 0:06:50]} 16. Nxf4 {[%emt 0:00:10]} Qg3 {[%emt 0:02:07]} 17. Qd2 {[%emt 0:03:11]} Bxf2+ {[%emt 0:05:22]} 18. Qxf2 {[%emt 0:00:32]} Qxf4 {[%emt 0:00:15]} 19. Bc2 {[%emt 0:03:55]} Ne5 {[%emt 0:05:05]} 20. Nd4 {[%emt 0:05:24]} Qg5 {[%emt 0:02:11]} 21. Re3 {[%emt 0:02:10]} c5 {[%emt 0:06:54]} 22. Nf5 {[%emt 0:02:07]} Bxf5 {[%emt 0:01:23]} 23. exf5 {[%emt 0:00:09]} Qf6 {[%emt 0:03:51]} 24. Bb3 {[%emt 0:03:10]} Nc6 {[%emt 0:02:49]} 25. Rae1 {[%emt 0:02:15]} Rad8 {[%emt 0:01:52]} 26. Bd5 {[%emt 0:01:12]} Na5 {[%emt 0:02:07]} 27. Re7 {[%emt 0:02:11]} Rb8 {[%emt 0:01:11]} 28. R7e4 {[%emt 0:03:48]} Nc6 {[%emt 0:01:05]} 29. R1e3 {[%emt 0:01:39]} Kh8 {[%emt 0:01:24]} 30. h4 {[%emt 0:11:29]} Ne5 {[%emt 0:01:33]} 31. Rh3 {[%emt 0:03:13]} b5 {[%emt 0:05:00]} 32. g4 {[%emt 0:05:35]} g6 {[%emt 0:02:48]} 33. Rf4 {[%emt 0:02:24]} gxf5 {[%emt 0:00:46]} 34. Rxf5 {[%emt 0:00:17]} Qg6 {[%emt 0:00:51]} 35. g5 {[%emt 0:04:05]} Ng4 {[%emt 0:01:50]} 36. Qf4 {[%emt 0:00:42]} Ne5 {[%emt 0:01:42]} 37. d4 {[%emt 0:06:24]} cxd4 {[%emt 0:01:06]} 38. cxd4 {[%emt 0:00:05]} Nc4 {[%emt 0:00:16]} 39. Rf6 {[%emt 0:02:25]} Qb1+ {[%emt 0:00:54]} 40. Kh2 {[%emt 0:00:06]} Qxb2+ {[%emt 0:00:53]} 41. Bg2 {[%emt 0:30:05]} Ne5 {[%emt 0:03:11]} 42. Rxh6+ {[%emt 0:00:00]} Kg8 {[%emt 0:00:05]} 43. dxe5 {[%emt 0:00:00]} Rbc8 {[%emt 0:00:46]} 44. Qf6 {[%emt 0:00:00]} Qxe5+ {[%emt 0:00:05]} 45. Rg3 {[%emt 0:00:00] normal} 1-0

[Event "-chT Youth Countries 2019"]
[Site "Wuerzburg"]
[Date "2019.10.02"]
[Round "2.6"]
[White "Metzdorf, Matteo"]
[Black "Rempe, Jonas"]
[Result "0-1"]
[WhiteElo "1862"]
[BlackElo "1816"]
[Annotator "NA"]
[PlyCount "98"]
[EventDate "2019.10.02"]
[EventType "team-tourn"]
[EventRounds "7"]
[EventCountry "GER"]
[SourceTitle "playchess.com"]
[Source "ChessBase"]
[SourceQuality "1"]
[WhiteTeam "Rheinland-Pfalz"]
[BlackTeam "Schleswig-Holstein"]
[TimeControl "40/5400+30:1800+30"]

1. e4 {[%emt 0:00:00]} e5 {[%emt 0:00:00]} 2. Nf3 {[%emt 0:00:00]} Nc6 {[%emt 0:00:00]} 3. Bb5 {[%emt 0:00:00]} a6 {[%emt 0:00:00]} 4. Ba4 {[%emt 0:00:00]} Nf6 {[%emt 0:00:00]} 5. O-O {[%emt 0:00:16]} Be7 {[%emt 0:00:00]} 6. Re1 {[%emt 0:00:37]} b5 {[%emt 0:00:00]} 7. Bb3 {[%emt 0:00:04]} O-O {[%emt 0:00:00]} 8. d3 {[%emt 0:01:11]} d6 {[%emt 0:00:34]} 9. c3 {[%emt 0:00:19]} Na5 {[%emt 0:00:10]} 10. Bc2 {[%emt 0:00:04]} c5 {[%emt 0:00:03]} 11. Nbd2 {[%emt 0:00:12]} Nc6 {[%emt 0:00:11]} 12. Nf1 {[%emt 0:00:19]} h6 {[%emt 0:00:05]} 13. h3 {[%emt 0:00:42]} Be6 {[%emt 0:00:07]} 14. Ng3 {[%emt 0:03:16]} Rc8 {[%emt 0:00:07]} 15. Nh2 {[%emt 0:05:44]} d5 {[%emt 0:15:22]} 16. Qf3 {[%emt 0:07:07]} d4 {[%emt 0:02:32]} 17. Ng4 {[%emt 0:03:00]} Nxg4 {[%emt 0:01:44]} 18. hxg4 {[%emt 0:00:11]} dxc3 {[%emt 0:00:15]} 19. bxc3 {[%emt 0:00:46]} b4 {[%emt 0:00:47]} 20. Bd2 {[%emt 0:18:45]} Bg5 {[%emt 0:03:04]} 21. Be3 {[%emt 0:16:39]} Bxe3 {[%emt 0:00:58]} 22. fxe3 {[%emt 0:02:22]} bxc3 {[%emt 0:00:29]} 23. a3 {[%emt 0:04:40]} Qg5 {[%emt 0:06:10]} 24. Bd1 {[%emt 0:04:26]} Rfd8 {[%emt 0:00:38]} 25. Be2 {[%emt 0:01:18]} Rb8 {[%emt 0:03:21]} 26. Rec1 {[%emt 0:04:13]} Rb3 {[%emt 0:05:49]} 27. Bd1 {[%emt 0:07:05]} c2 {[%emt 0:00:39]} 28. Bxc2 {[%emt 0:02:34]} Bxg4 {[%emt 0:00:20]} 29. Qf2 {[%emt 0:01:55]} Rb2 {[%emt 0:01:07]} 30. Qe1 {[%emt 0:05:04]} h5 {[%emt 0:02:44]} 31. Nf1 {[%emt 0:03:53]} h4 {[%emt 0:01:38]} 32. g3 {[%emt 0:05:49]} Bh3 {[%emt 0:00:44]} 33. Qc3 {[%emt 0:01:42]} Bxf1 {[%emt 0:10:38]} 34. Qxb2 {[%emt 0:01:54]} Qxg3+ {[%emt 0:04:02]} 35. Kxf1 {[%emt 0:00:07]} h3 {[%emt 0:00:03]} 36. Bb3 {[%emt 0:00:59]} Rd6 {[%emt 0:00:37]} 37. Bxf7+ {[%emt 0:00:45]} Kxf7 {[%emt 0:00:39]} 38. Rc2 {[%emt 0:00:23]} Rf6+ {[%emt 0:00:32]} 39. Rf2 {[%emt 0:00:34]} Qg2+ {[%emt 0:00:09]} 40. Ke1 {[%emt 0:00:32]} Qg1+ {[%emt 0:00:05]} 41. Kd2 {[%emt 0:02:31]} Qxf2+ {[%emt 0:00:24]} 42. Kc3 {[%emt 0:00:07]} Qxb2+ {[%emt 0:00:04]} 43. Kxb2 {[%emt 0:00:03]} Rh6 {[%emt 0:00:05]} 44. Rh1 {[%emt 0:00:30]} g5 {[%emt 0:00:08]} 45. Kb3 {[%emt 0:00:08]} g4 {[%emt 0:00:05]} 46. Kc4 {[%emt 0:00:04]} g3 {[%emt 0:00:06]} 47. Rf1+ {[%emt 0:00:06]} Rf6 {[%emt 0:00:16]} 48. Rg1 {[%emt 0:00:12]} h2 {[%emt 0:00:08]} 49. Rb1 {[%emt 0:00:06]} g2 {[%emt 0:00:07] normal} 0-1

[Event "-chT Youth Countries 2019"]
[Site "Wuerzburg"]
[Date "2019.10.02"]
[Round "2.6"]
[White "Peglau, Charis"]
[Black "Schnabel, Luise"]
[Result "0-1"]
[WhiteElo "1827"]
[BlackElo "1900"]
[Annotator "NA"]
[PlyCount "134"]
[EventDate "2019.10.02"]
[EventType "team-tourn"]
[EventRounds "7"]
[EventCountry "GER"]
[SourceTitle "playchess.com"]
[Source "ChessBase"]
[SourceQuality "1"]
[WhiteTeam "Sachsen"]
[BlackTeam "Berlin"]
[TimeControl "40/5400+30:1800+30"]

1. e4 {[%emt 0:00:00]} Nf6 {[%emt 0:00:00]} 2. e5 {[%emt 0:00:00]} Nd5 {[%emt 0:00:00]} 3. c4 {[%emt 0:00:00]} Nb6 {[%emt 0:00:00]} 4. d4 {[%emt 0:00:00]} d6 {[%emt 0:00:00]} 5. exd6 {[%emt 0:00:01]} cxd6 {[%emt 0:00:04]} 6. Nc3 {[%emt 0:00:07]} g6 {[%emt 0:00:08]} 7. Be3 {[%emt 0:00:14]} Bg7 {[%emt 0:00:10]} 8. Nf3 {[%emt 0:00:18]} O-O {[%emt 0:00:24]} 9. Be2 {[%emt 0:00:14]} Bg4 {[%emt 0:01:02]} 10. Rc1 {[%emt 0:00:27]} Nc6 {[%emt 0:00:19]} 11. b3 {[%emt 0:00:13]} d5 {[%emt 0:00:38]} 12. c5 {[%emt 0:00:14]} Nc8 {[%emt 0:00:09]} 13. O-O {[%emt 0:00:15]} e6 {[%emt 0:00:46]} 14. b4 {[%emt 0:00:43]} Nxb4 {[%emt 0:06:54]} 15. Rb1 {[%emt 0:00:29]} Nc6 {[%emt 0:05:41]} 16. Rxb7 {[%emt 0:00:47]} Na5 {[%emt 0:04:34]} 17. Rb4 {[%emt 0:02:27]} Ne7 {[%emt 0:06:58]} 18. Rb2 {[%emt 0:04:09]} Bxf3 {[%emt 0:04:32]} 19. Bxf3 {[%emt 0:00:18]} Nc4 {[%emt 0:01:10]} 20. Rb7 {[%emt 0:01:05]} Nf5 {[%emt 0:02:31]} 21. Re1 {[%emt 0:04:52]} Qa5 {[%emt 0:06:39]} 22. Rb3 {[%emt 0:08:34]} Rab8 {[%emt 0:03:27]} 23. Rxb8 {[%emt 0:05:25]} Rxb8 {[%emt 0:00:30]} 24. Qd3 {[%emt 0:04:55]} Rb2 {[%emt 0:09:52]} 25. Re2 {[%emt 0:04:26]} Rb8 {[%emt 0:07:03]} 26. h3 {[%emt 0:00:40]} Nh4 {[%emt 0:04:12]} 27. Bf4 {[%emt 0:05:53]} Rc8 {[%emt 0:02:32]} 28. Re1 {[%emt 0:03:13]} Nxf3+ {[%emt 0:02:14]} 29. gxf3 {[%emt 0:00:13]} Qd8 {[%emt 0:13:10]} 30. Kg2 {[%emt 0:04:43]} Na5 {[%emt 0:04:35]} 31. Nb5 {[%emt 0:00:55]} Nc6 {[%emt 0:01:57]} 32. Rb1 {[%emt 0:02:04]} Qf6 {[%emt 0:04:53]} 33. Nd6 {[%emt 0:11:12]} Rf8 {[%emt 0:05:18]} 34. Be3 {[%emt 0:08:07]} Nxd4 {[%emt 0:02:38]} 35. Bxd4 {[%emt 0:01:13]} Qxd4 {[%emt 0:00:00]} 36. Qxd4 {[%emt 0:00:27]} Bxd4 {[%emt 0:00:00]} 37. c6 {[%emt 0:01:57]} Be5 {[%emt 0:00:52]} 38. Nb5 {[%emt 0:01:23]} a6 {[%emt 0:00:54]} 39. Na7 {[%emt 0:02:34]} Bd4 {[%emt 0:00:56]} 40. Rb7 {[%emt 0:00:10]} Ra8 {[%emt 0:01:03]} 41. c7 {[%emt 0:30:34]} Bxa7 {[%emt 0:30:43]} 42. Rxa7 {[%emt 0:00:11]} Rc8 {[%emt 0:00:19]} 43. Kg3 {[%emt 0:06:51]} Kf8 {[%emt 0:00:00]} 44. Kf4 {[%emt 0:00:00]} h6 {[%emt 0:00:00]} 45. a4 {[%emt 0:00:00]} Ke7 {[%emt 0:00:00]} 46. a5 {[%emt 0:00:00]} f6 {[%emt 0:00:00]} 47. Ke3 {[%emt 0:00:00]} Kd7 {[%emt 0:00:00]} 48. Rxa6 {[%emt 0:00:00]} Rxc7 {[%emt 0:00:00]} 49. Kd3 {[%emt 0:00:00]} g5 {[%emt 0:00:00]} 50. Rb6 {[%emt 0:00:00]} Rc6 {[%emt 0:00:00]} 51. Rb7+ {[%emt 0:00:00]} Kd6 {[%emt 0:00:00]} 52. Rh7 {[%emt 0:00:00]} Ra6 {[%emt 0:00:00]} 53. Rxh6 {[%emt 0:00:00]} Ke5 {[%emt 0:00:25]} 54. f4+ {[%emt 0:00:00]} gxf4 {[%emt 0:01:40]} 55. h4 {[%emt 0:00:00]} Rxa5 {[%emt 0:00:21]} 56. Rh8 {[%emt 0:00:00]} Ra3+ {[%emt 0:00:24]} 57. Ke2 {[%emt 0:00:00]} f3+ {[%emt 0:01:19]} 58. Kd2 {[%emt 0:00:00]} Ra2+ {[%emt 0:00:47]} 59. Ke3 {[%emt 0:00:00]} Ra3+ {[%emt 0:00:17]} 60. Kd2 {[%emt 0:00:00]} Ke4 {[%emt 0:00:26]} 61. Rb8 {[%emt 0:00:00]} Ra2+ {[%emt 0:00:55]} 62. Ke1 {[%emt 0:00:00]} e5 {[%emt 0:01:21]} 63. h5 {[%emt 0:00:00]} Ra1+ {[%emt 0:00:14]} 64. Kd2 {[%emt 0:00:00]} Rh1 {[%emt 0:00:12]} 65. Rh8 {[%emt 0:00:00]} Rh2 {[%emt 0:00:49]} 66. h6 {[%emt 0:00:00]} Rxf2+ {[%emt 0:00:09]} 67. Ke1 {[%emt 0:00:00]} Rh2 {[%emt 0:00:16] normal} 0-1

[Event "-chT Youth Countries 2019"]
[Site "Wuerzburg"]
[Date "2019.10.02"]
[Round "2.6"]
[White "Butenandt, Svenja"]
[Black "Fuchs, Emily"]
[Result "1-0"]
[WhiteElo "1805"]
[BlackElo "1490"]
[Annotator "NA"]
[PlyCount "79"]
[EventDate "2019.10.02"]
[EventType "team-tourn"]
[EventRounds "7"]
[EventCountry "GER"]
[SourceTitle "playchess.com"]
[Source "ChessBase"]
[SourceQuality "1"]
[WhiteTeam "Bayern 2"]
[BlackTeam "Saarland"]
[TimeControl "40/5400+30:1800+30"]

1. d4 {[%emt 0:00:00]} Nf6 {[%emt 0:00:00]} 2. c4 {[%emt 0:00:00]} e6 {[%emt 0:00:00]} 3. Nc3 {[%emt 0:00:00]} Bb4 {[%emt 0:00:00]} 4. e3 {[%emt 0:00:00]} b6 {[%emt 0:00:27]} 5. Nge2 {[%emt 0:00:00]} Bb7 {[%emt 0:00:16]} 6. a3 {[%emt 0:00:18]} Bxc3+ {[%emt 0:00:09]} 7. Nxc3 {[%emt 0:00:05]} O-O {[%emt 0:00:48]} 8. Bd3 {[%emt 0:07:28]} d5 {[%emt 0:08:11]} 9. O-O {[%emt 0:04:25]} Nbd7 {[%emt 0:05:36]} 10. cxd5 {[%emt 0:03:12]} exd5 {[%emt 0:00:21]} 11. Qc2 {[%emt 0:08:36]} Re8 {[%emt 0:04:35]} 12. Nb5 {[%emt 0:06:26]} a6 {[%emt 0:10:21]} 13. Nc3 {[%emt 0:00:54]} c5 {[%emt 0:07:26]} 14. b3 {[%emt 0:02:59]} Rc8 {[%emt 0:04:27]} 15. dxc5 {[%emt 0:05:45]} Nxc5 {[%emt 0:05:59]} 16. Bf5 {[%emt 0:02:31]} Ra8 {[%emt 0:09:06]} 17. b4 {[%emt 0:03:20]} Nce4 {[%emt 0:01:46]} 18. Nxe4 {[%emt 0:01:12]} Nxe4 {[%emt 0:01:32]} 19. Bb2 {[%emt 0:01:10]} Bc8 {[%emt 0:09:13]} 20. Bxe4 {[%emt 0:01:59]} dxe4 {[%emt 0:03:07]} 21. Qc3 {[%emt 0:02:31]} f6 {[%emt 0:06:41]} 22. Rfd1 {[%emt 0:02:13]} Qe7 {[%emt 0:00:38]} 23. Qc6 {[%emt 0:01:19]} Bg4 {[%emt 0:00:33]} 24. Rd6 {[%emt 0:05:06]} Rab8 {[%emt 0:04:52]} 25. h3 {[%emt 0:02:31]} Be2 26. Bd4 {[%emt 0:15:29]} Red8 {[%emt 0:09:48]} 27. Rxd8+ Qxd8 {[%emt 0:02:59]} 28. Qxe4 {[%emt 0:02:45]} Kf7 {[%emt 0:01:14]} 29. Qxh7 {[%emt 0:01:13]} Qd5 {[%emt 0:01:49]} 30. Qc2 {[%emt 0:01:09]} Qc4 {[%emt 0:01:32]} 31. Qxc4+ {[%emt 0:00:57]} Bxc4 {[%emt 0:00:08]} 32. Rc1 {[%emt 0:00:02]} b5 {[%emt 0:00:10]} 33. g4 {[%emt 0:01:16]} Kg6 {[%emt 0:01:10]} 34. Kh2 {[%emt 0:00:11]} Re8 {[%emt 0:00:39]} 35. Kg3 {[%emt 0:00:28]} Kh6 {[%emt 0:01:12]} 36. h4 {[%emt 0:00:37]} Re4 {[%emt 0:00:41]} 37. f4 {[%emt 0:01:33]} Re6 {[%emt 0:00:29]} 38. Rd1 {[%emt 0:01:22]} g5 {[%emt 0:00:30]} 39. hxg5+ {[%emt 0:00:09]} fxg5 {[%emt 0:00:06]} 40. Rh1+ {[%emt 0:00:04] normal} 1-0